[Event "Porto San Giorgio Weekend 15th"]
[Site "Porto San Giorgio"]
[Date "2012.11.18"]
[Round "3"]
[White "Balzano, Filli"]
[Black "Ripa, Daniele"]
[Result "1-0"]
[WhiteElo "1903"]
[BlackElo "1993"]
[PlyCount "75"]
[EventDate "2012.11.17"]
[EventType "swiss"]
[EventRounds "6"]
[EventCountry "ITA"]
[SourceTitle "EXT 2014"]
[Source "ChessBase"]
[SourceDate "2013.11.20"]
[SourceVersion "1"]
[SourceVersionDate "2013.11.20"]
[SourceQuality "1"]

1. e4 c5 2. c3 Nf6 3. e5 Nd5 4. d4 cxd4 5. cxd4 e6 6. Nf3 b6 7. Bd3 Ba6 8. 0-0 Be7 9. Bxa6 Nxa6 10. Bd2 0-0 11. Nc3 Nxc3 12. bxc3 d5 13. Qe2 Nc7 14. a4 Qd7 15. Rfb1 Rab8 16. Qd3 h6 17. h3 Rfc8 18. Nh2 Bf8 19. Ng4 h5 20. Nh2 Qd8 21. Qf3 Qh4 22. Bf4 g6 23. Qe3 Qe7 24. g4 hxg4 25. Bg5 Qd7 26. Nxg4 Ne8 27. Bf6 Qc7 28. Qg5 Qxc3 29. Qh4 Bg7 30. Nh6+ Kh7 31. Nxf7+ Kg8 32. Ng5 Qd3 33. Qh7+ Kf8 34. Nxe6+ Kf7 35. Nxg7 Nxg7 36. Qxg7+ Ke6 37. Qe7+ Kf5 38. Qd7+ 1-0

[Event "Porto San Giorgio op 23rd"]
[Site "Porto San Giorgio"]
[Date "2011.08.27"]
[Round "8"]
[White "Ripa, Daniele"]
[Black "Suppa, Ercole"]
[Result "1/2-1/2"]
[WhiteElo "1966"]
[BlackElo "2123"]
[PlyCount "40"]
[EventDate "2011.08.21"]
[EventType "swiss"]
[EventRounds "9"]
[EventCountry "ITA"]
[SourceTitle "CBM 144 Extra"]
[Source "ChessBase"]
[SourceDate "2011.10.28"]
[SourceVersion "1"]
[SourceVersionDate "2011.10.28"]
[SourceQuality "1"]

1. e4 c5 2. c3 e6 3. d4 d5 4. e5 Nc6 5. Nf3 Qb6 6. a3 cxd4 7. cxd4 Nh6 8. Bd3 Bd7 9. Bc2 Rc8 10. Nc3 a6 11. 0-0 Na7 12. Na4 Qc6 13. Nc3 Qb6 14. Bd3 Nb5 15. Nxb5 Bxb5 16. Bxh6 Bxd3 17. Qxd3 gxh6 18. Rac1 Rc6 19. Rc3 Bg7 20. Rfc1 Rxc3 1/2-1/2

[Event "Porto San Giorgio op 23rd"]
[Site "Porto San Giorgio"]
[Date "2011.08.25"]
[Round "6"]
[White "Ripa, Daniele"]
[Black "Dietrich, Stefano"]
[Result "1-0"]
[WhiteElo "1966"]
[BlackElo "1857"]
[PlyCount "67"]
[EventDate "2011.08.21"]
[EventType "swiss"]
[EventRounds "9"]
[EventCountry "ITA"]
[SourceTitle "CBM 144 Extra"]
[Source "ChessBase"]
[SourceDate "2011.10.28"]
[SourceVersion "1"]
[SourceVersionDate "2011.10.28"]
[SourceQuality "1"]

1. e4 c5 2. c3 Qa5 3. Nf3 Nc6 4. Na3 g6 5. Nc4 Qc7 6. d4 cxd4 7. cxd4 Bg7 8. Be2 Nf6 9. e5 Nd5 10. Qb3 0-0 11. 0-0 a5 12. Bd2 Ndb4 13. Rac1 a4 14. Qa3 Nd5 15. Qc5 e6 16. Nd6 b6 17. Qa3 Ba6 18. Bxa6 Rxa6 19. Qd3 Raa8 20. h4 f5 21. h5 gxh5 22. g3 Nde7 23. Kg2 f4 24. Rh1 Ng6 25. Rxh5 fxg3 26. fxg3 Rxf3 27. Qxf3 Rf8 28. Qg4 Qd8 29. Rxh7 Nce7 30. Rch1 Qa8+ 31. Qe4 Qa6 32. Rxg7+ Kxg7 33. Bh6+ Kg8 34. Bxf8 1-0

[Event "Fermo Province-ch"]
[Site "Porto Sant Elpidio"]
[Date "2011.01.30"]
[Round "5"]
[White "Rinaudo, Andrea"]
[Black "Ripa, Daniele"]
[Result "1-0"]
[WhiteElo "2090"]
[BlackElo "1921"]
[PlyCount "51"]
[EventDate "2011.01.22"]
[EventType "swiss"]
[EventRounds "6"]
[EventCountry "ITA"]
[SourceTitle "EXT 2012"]
[Source "ChessBase"]
[SourceDate "2011.11.24"]
[SourceVersion "1"]
[SourceVersionDate "2011.11.24"]
[SourceQuality "1"]

1. e4 c5 2. Nf3 e6 3. d4 cxd4 4. Nxd4 Nf6 5. Bd3 Nc6 6. Nxc6 bxc6 7. 0-0 d5 8. Nd2 e5 9. Qe2 Qc7 10. f4 Bc5+ 11. Kh1 0-0 12. exd5 exf4 13. Ne4 Nxe4 14. Qxe4 g6 15. Bxf4 Qb6 16. Bh6 cxd5 17. Qf4 Be6 18. Bxf8 Rxf8 19. b3 Be3 20. Qf3 Bd4 21. Rae1 Bc3 22. Re2 Qd6 23. Bxg6 hxg6 24. Qxc3 Qa6 25. Ref2 Qxa2 26. Ra1 1-0

[Event "Fermo Province-ch"]
[Site "Porto Sant Elpidio"]
[Date "2011.01.22"]
[Round "1"]
[White "Ripa, Daniele"]
[Black "Silvestri, Giorgio"]
[Result "1-0"]
[WhiteElo "1921"]
[BlackElo "1749"]
[PlyCount "81"]
[EventDate "2011.01.22"]
[EventType "swiss"]
[EventRounds "6"]
[EventCountry "ITA"]
[SourceTitle "EXT 2012"]
[Source "ChessBase"]
[SourceDate "2011.11.24"]
[SourceVersion "1"]
[SourceVersionDate "2011.11.24"]
[SourceQuality "1"]

1. e4 e6 2. d3 d5 3. Nd2 Nf6 4. Ngf3 dxe4 5. dxe4 Be7 6. g3 b6 7. Qe2 Ba6 8. c4 Nc6 9. Bg2 e5 10. 0-0 0-0 11. b3 Bd6 12. Bb2 Qe7 13. Rfe1 Rad8 14. Nf1 Bb7 15. Ne3 g6 16. Nd5 Nxd5 17. exd5 Nb4 18. a3 Na6 19. Bxe5 Bxa3 20. Rxa3 Qxa3 21. Bf6 Qd6 22. Be7 Qd7 23. Qe5 Nc5 24. Qf6 Rde8 25. Nd4 Rxe7 26. Rxe7 Qd8 27. b4 Nd7 28. Qg5 f6 29. Qe3 Ne5 30. Rg7+ Kxg7 31. Ne6+ Kf7 32. Nxd8+ Rxd8 33. f4 Re8 34. fxe5 Rxe5 35. Qh6 Kg8 36. Bh3 f5 37. Qf4 Re7 38. Kf2 a5 39. bxa5 bxa5 40. Qd2 Ba6 41. Bf1 1-0

[Event "Porto Sant Elpidio op-B 11th"]
[Site "Porto Sant Elpidio"]
[Date "2008.11.30"]
[Round "5"]
[White "Ripa, Daniele"]
[Black "Giampieri, Stefano"]
[Result "1-0"]
[WhiteElo "1731"]
[BlackElo "1557"]
[PlyCount "85"]
[EventDate "2008.11.22"]
[EventType "swiss"]
[EventRounds "6"]
[EventCountry "ITA"]
[SourceTitle "EXT 2011"]
[Source "ChessBase"]
[SourceDate "2010.11.26"]
[SourceVersion "1"]
[SourceVersionDate "2010.11.26"]
[SourceQuality "1"]

1. e4 e5 2. Nf3 Nc6 3. Bb5 Nf6 4. 0-0 a6 5. Ba4 b5 6. Bb3 Bc5 7. c3 Qe7 8. d4 exd4 9. cxd4 Bb6 10. e5 Ng8 11. d5 Na5 12. d6 Qf8 13. Bd5 Bb7 14. Bxb7 Nxb7 15. dxc7 Bxc7 16. Nc3 Ne7 17. Nd5 0-0-0 18. Bg5 f6 19. exf6 Nxd5 20. Qxd5 gxf6 21. Bh4 Rg8 22. Rac1 Kb8 23. Rc3 Qg7 24. Bg3 Bxg3 25. fxg3 Rc8 26. Rfc1 Rxc3 27. Rxc3 Rc8 28. Rxc8+ Kxc8 29. b4 Qe7 30. h4 Qxb4 31. Qg8+ Kc7 32. Qxh7 Qc5+ 33. Kh2 Qf2 34. Qg8 Nd6 35. h5 Nc4 36. h6 Ne3 37. Nh4 f5 38. h7 f4 39. h8Q f3 40. Qb8+ Kc6 41. Qf6+ Kc5 42. Qbb6+ Kc4 43. Qfd4# 1-0

[Event "Porto Sant Elpidio op-B 11th"]
[Site "Porto Sant Elpidio"]
[Date "2008.11.23"]
[Round "3"]
[White "Ripa, Daniele"]
[Black "Balzano, Filli"]
[Result "1-0"]
[WhiteElo "1731"]
[BlackElo "1777"]
[PlyCount "120"]
[EventDate "2008.11.22"]
[EventType "swiss"]
[EventRounds "6"]
[EventCountry "ITA"]
[SourceTitle "EXT 2011"]
[Source "ChessBase"]
[SourceDate "2010.11.26"]
[SourceVersion "1"]
[SourceVersionDate "2010.11.26"]
[SourceQuality "1"]

1. e4 c6 2. Nf3 d5 3. Nc3 dxe4 4. Nxe4 Bf5 5. Ng3 Bg6 6. Bc4 Nd7 7. d4 e6 8. 0-0 Ngf6 9. Re1 Be7 10. Nh4 Qc7 11. Nxg6 hxg6 12. Qf3 0-0-0 13. Bf4 Bd6 14. Bxd6 Qxd6 15. c3 Rh6 16. b4 Rdh8 17. h3 Nb6 18. Bf1 Qc7 19. a4 Nh5 20. Ne4 Nd5 21. b5 Nhf6 22. Nc5 g5 23. bxc6 Qxc6 24. c4 Nb4 25. Qc3 a5 26. g3 g4 27. Bg2 Qc7 28. Bxb7+ Kd8 29. h4 Nd7 30. Bg2 Nxc5 31. dxc5 Rf6 32. Rad1+ Kc8 33. Qe5 Qxe5 34. Rxe5 Rf5 35. Rxf5 exf5 36. Bd5 Rf8 37. Kf1 Kc7 38. Ke2 Na6 39. c6 Nb4 40. Kd2 Nxc6 41. Bxc6 Kxc6 42. Kc3 Re8 43. Rd5 g6 44. Kd3 Ra8 45. Kd4 f6 46. h5 gxh5 47. Rxf5 Rd8+ 48. Rd5 Re8 49. Rxh5 Re2 50. Rf5 Ra2 51. Rxf6+ Kb7 52. Rf4 Rxa4 53. Rxg4 Ra2 54. f4 a4 55. Kc3 Kb6 56. f5 Kc5 57. f6 Rf2 58. Rf4 Ra2 59. f7 Ra3+ 60. Kb2 Rb3+ 1-0

[Event "Porto Sant Elpidio op-B 8th"]
[Site "Porto Sant Elpidio"]
[Date "2005.11.26"]
[Round "4"]
[White "Senigagliesi, Eros"]
[Black "Ripa, Daniele"]
[Result "1-0"]
[WhiteElo "1641"]
[BlackElo "1548"]
[PlyCount "89"]
[EventDate "2005.11.19"]
[EventType "swiss"]
[EventRounds "6"]
[EventCountry "ITA"]
[SourceTitle "EXT 2024"]
[Source "ChessBase"]
[SourceDate "2023.10.10"]
[SourceVersion "1"]
[SourceVersionDate "2023.10.10"]
[SourceQuality "1"]

1. e4 c5 2. Nf3 d6 3. d4 cxd4 4. Nxd4 Nf6 5. Nc3 a6 6. f3 e5 7. Nb3 Be6 8. Bg5 Be7 9. Qd2 0-0 10. Be2 Nbd7 11. 0-0 Re8 12. Rad1 Qc7 13. Be3 b5 14. Nc1 Rac8 15. a3 Nb6 16. Bxb6 Qxb6+ 17. Kh1 Qc7 18. Bd3 Red8 19. f4 Bc4 20. Rf3 Qc5 21. fxe5 dxe5 22. Qe1 Rd7 23. Qg3 Rcd8 24. Rf5 Qc7 25. Rdf1 Kh8 26. Bxc4 Qxc4 27. Nd3 Qe6 28. Rxe5 Bd6 29. Rxe6 Bxg3 30. Rxa6 Bc7 31. Nxb5 Nxe4 32. Nxc7 Rxc7 33. Nb4 g6 34. Rc6 Rcd7 35. Nd3 Kg7 36. g3 Rd4 37. b4 Ra8 38. Ra1 Rd7 39. a4 Nf6 40. a5 Nd5 41. b5 Rda7 42. a6 Nb6 43. Rxb6 Rc7 44. Rc6 Rca7 45. Nc5 1-0

[Event "Porto Sant Elpidio op-B 7th"]
[Site "Porto Sant Elpidio"]
[Date "2004.11.21"]
[Round "6"]
[White "Ripa, Daniele"]
[Black "Fratini, Mauro"]
[Result "0-1"]
[WhiteElo "1461"]
[BlackElo "1778"]
[PlyCount "120"]
[EventDate "2004.11.13"]
[EventType "swiss"]
[EventRounds "6"]
[EventCountry "ITA"]
[SourceTitle "EXT 2024"]
[Source "ChessBase"]
[SourceDate "2023.10.10"]
[SourceVersion "1"]
[SourceVersionDate "2023.10.10"]
[SourceQuality "1"]

1. e4 d6 2. d4 Nf6 3. Nc3 g6 4. Nf3 Bg7 5. Be2 0-0 6. Be3 Nbd7 7. Qd2 Ng4 8. Bg5 c5 9. h3 Ngf6 10. Bh6 cxd4 11. Nxd4 Nc5 12. Bxg7 Kxg7 13. Bf3 Qb6 14. 0-0 Bd7 15. Rfe1 e5 16. Nf5+ Bxf5 17. exf5 Rad8 18. Rab1 Rfe8 19. b4 Ncd7 20. fxg6 hxg6 21. a3 Rc8 22. Ne4 Nxe4 23. Rxe4 Nf6 24. Rh4 Rh8 25. Rxh8 Rxh8 26. c4 Rc8 27. c5 dxc5 28. Qc2 c4 29. Qe2 Qc7 30. Rc1 b5 31. Qa2 Rd8 32. a4 a6 33. axb5 axb5 34. Qa6 Rb8 35. g4 Qb6 36. Qxb6 Rxb6 37. Kf1 Rd6 38. Rc3 e4 39. Be2 Nd5 40. Rc2 Rf6 41. Kg2 Nxb4 42. Bxc4 Nxc2 43. Bxb5 Ne1+ 44. Kf1 Nd3 45. Ke2 Nxf2 46. g5 Rb6 47. h4 Ng4 48. Bd7 Ne5 49. Ba4 Rb4 50. Bd1 e3 51. h5 gxh5 52. Kxe3 h4 53. Kf2 Kg6 54. Kg2 Kxg5 55. Kh3 f5 56. Be2 Rb3+ 57. Kg2 f4 58. Kh1 f3 59. Bd1 Rb1 60. Kh2 Rxd1 0-1

[Event "Porto Sant Elpidio op-B 7th"]
[Site "Porto Sant Elpidio"]
[Date "2004.11.14"]
[Round "3"]
[White "Cerusico, Carlo"]
[Black "Ripa, Daniele"]
[Result "1-0"]
[WhiteElo "1493"]
[BlackElo "1461"]
[PlyCount "117"]
[EventDate "2004.11.13"]
[EventType "swiss"]
[EventRounds "6"]
[EventCountry "ITA"]
[SourceTitle "EXT 2024"]
[Source "ChessBase"]
[SourceDate "2023.10.10"]
[SourceVersion "1"]
[SourceVersionDate "2023.10.10"]
[SourceQuality "1"]

1. d4 Nf6 2. Nf3 g6 3. Bf4 Bg7 4. h3 d6 5. e3 0-0 6. Bd3 Nbd7 7. Qe2 c5 8. Nbd2 Re8 9. 0-0-0 cxd4 10. exd4 Nd5 11. Bh2 e5 12. dxe5 dxe5 13. Ne4 Bh6+ 14. Kb1 Qb6 15. Bc4 N5f6 16. Rd6 Qc7 17. Nxf6+ Nxf6 18. Rxf6 Be6 19. Bxe6 fxe6 20. Nxe5 Qb6 21. Rf3 Rac8 22. Nd7 Qb4 23. Nf6+ Kh8 24. Nxe8 Rxe8 25. Rb3 Qe7 26. Qe5+ Bg7 27. Qc7 Qf6 28. Rxb7 Rf8 29. Qxg7+ Qxg7 30. Rxg7 Kxg7 31. Be5+ Kg8 32. f4 Rd8 33. Kc1 h6 34. Rd1 Rxd1+ 35. Kxd1 Kf7 36. c4 g5 37. fxg5 hxg5 38. g4 Ke7 39. b4 Kd7 40. a4 Kc6 41. Kd2 a6 42. Kc3 Kb6 43. Kd4 Kc6 44. Bf6 Kd6 45. Bxg5 e5+ 46. Ke4 Ke6 47. h4 Kd6 48. h5 Ke6 49. h6 Kf7 50. Kxe5 Kg6 51. Kf4 Kf7 52. Kf5 Kg8 53. Ke6 Kh7 54. Kf7 a5 55. b5 Kh8 56. b6 Kh7 57. b7 Kh8 58. b8Q+ Kh7 59. Qg8# 1-0

[Event "Porto Sant Elpidio op-B 7th"]
[Site "Porto Sant Elpidio"]
[Date "2004.11.13"]
[Round "1"]
[White "Piergentili, Roberto"]
[Black "Ripa, Daniele"]
[Result "1-0"]
[WhiteElo "1700"]
[BlackElo "1461"]
[PlyCount "83"]
[EventDate "2004.11.13"]
[EventType "swiss"]
[EventRounds "6"]
[EventCountry "ITA"]
[SourceTitle "EXT 2024"]
[Source "ChessBase"]
[SourceDate "2023.10.10"]
[SourceVersion "1"]
[SourceVersionDate "2023.10.10"]
[SourceQuality "1"]

1. d4 Nf6 2. c4 g6 3. Nc3 Bg7 4. e4 0-0 5. e5 Ne8 6. Nf3 d6 7. Be3 dxe5 8. Nxe5 Nd7 9. f4 Nd6 10. Bd3 Nxe5 11. fxe5 Nf5 12. Bxf5 Bxf5 13. 0-0 h6 14. Qd2 Kh7 15. Rad1 c6 16. Ne2 f6 17. exf6 Rxf6 18. Ng3 Qd7 19. Nxf5 Rxf5 20. Rxf5 gxf5 21. b3 Rf8 22. d5 a6 23. dxc6 Qxd2 24. Rxd2 bxc6 25. Bc5 Rf7 26. Rd7 Bf6 27. Rc7 f4 28. Rxc6 e5 29. Rxa6 Bh4 30. Ra7 Rxa7 31. Bxa7 e4 32. c5 e3 33. Kf1 Kg6 34. c6 Bd8 35. b4 Kf5 36. b5 Ke4 37. Ke2 Kd5 38. Bb8 Ke6 39. c7 Bxc7 40. Bxc7 Kd5 41. a4 Kc5 42. Bxf4 1-0